000 00315nam a22001337a 4500
003 OSt
008 250113b |||||||| |||| 00| 0 eng d
041 _aeng
100 _aGrewal, BS
_96917
245 _aHigher Engineering Mathematics
250 _a15th
260 _aDelhi:
_bKhanna Publishers,
_c1985.
942 _cBK
999 _c19018
_d19018